000
00207 a2200097 4500
001
55297
100
_a
245
_a
Bedknobs and broomsticks
260
_a
France
_b
CP
_c
1945
090
_c
34273
_d
34273
942
_a
NUST-CAE
_c
MONOGRAPH
_c
26973
999
_c
290370
_d
290370